szkola 3 - Statystyki

Ogólne statystyki
  • Ten quiz został rozwiązany 3 razy
  • Średni wynik to 19 z 40
Statystyki odpowiedzi
Hint Odpowiedź % Poprawnych
przerwa break
100%
oszukiwac/sciagac cheat
100%
kolega z klasy classmate
100%
termin wykonania pracy deadline
100%
oblac fail
100%
jezyki obce foreign language
100%
absolwent studiow graduate
100%
magister master
100%
ustny oral
100%
prezentowac/obecny present
100%
robic notatki take notes
100%
pisemny written
100%
nieobecny absent
50%
licencjat bachelor
50%
dzwonek bell
50%
nalezec do belong to
50%
obowiazkowy compulsory
50%
korytarz corridor
50%
wyroznienie distinction
50%
poszukiwac informacji/prowadzic badania do research
50%
szkola podstawowa elementary school
50%
otzrymac wyniki get results
50%
szkola srednia high school
50%
zlobek nursery
50%
obowiazkowy obligatory
50%
przedmioty scisle science subjects
50%
osoba nieobecna absentee
0%
uczszczac na kurs attend a course
0%
stolowka/bufet canteen
0%
doradca zawodowy careers adviser
0%
zdezorientowany confused
0%
praganc crave
0%
opustoszaly/bezludny deserted
0%
rozczarowany disappointed
0%
skonzcyc gdzies end up
0%
znajomy familiar
0%
utrzymywac maintain
0%
uwazac pay attention
0%
brac udzial w take part in
0%
sprawdzac obecnosc take the register
0%
Nie znaleziono quizów pasujących do podanych kryteriów
Rozkład punktacji
Procent ludzi z każdym wynikiem
Percentyl według liczby udzielonych odpowiedzi
Twoja historia wyników
Nie rozwiązałeś tego quizu